LEADER 01246oam 2200421zu 450 001 996214024603316 005 20210807003054.0 010 $a1-5090-7313-2 010 $a1-4244-3806-3 035 $a(CKB)1000000000709920 035 $a(SSID)ssj0000452834 035 $a(PQKBManifestationID)12173033 035 $a(PQKBTitleCode)TC0000452834 035 $a(PQKBWorkID)10472881 035 $a(PQKB)10736924 035 $a(NjHacI)991000000000709920 035 $a(EXLCZ)991000000000709920 100 $a20160829d2009 uy 101 0 $aeng 135 $aur||||||||||| 181 $ctxt 182 $cc 183 $acr 200 10$a2009 IEEE/ACS International Conference on Computer Systems and Applications 210 31$a[Place of publication not identified]$cIEEE$d2009 215 $a1 online resource (various pagings) $cillustrations 300 $aBibliographic Level Mode of Issuance: Monograph 311 $a1-4244-3807-1 320 $aIncludes bibliographical references. 606 $aComputer networks$vCongresses 615 0$aComputer networks 676 $a004.6 702 $aIEEE Staff 801 0$bPQKB 906 $aPROCEEDING 912 $a996214024603316 996 $a2009 IEEE$92188592 997 $aUNISA